Dopad harmonizace sazeb DPH v ČR

Analýza dopadu zmien v sadzbách DPH, ku ktorým došlo v období pred vstupom ČR do EÚ, resp. k dátumu vstupu, na rozdelenie daňového bremena medzi české domácnosti. Postup kalkulácie daňového bremena domácností pred a po vstupe ČR do EÚ. Výsledky dopadu daňového bremena na domácnosti.

Salvato in:
Dettagli Bibliografici
Autore principale: Klazar, Stanislav
Altri autori: Slintáková, Barbora, Svátková, Slavomíra, Zelený, Martin
Natura: Capitolo di libro
Lingua:ceco
Soggetti:
Tags: Aggiungi Tag
Nessun Tag, puoi essere il primo ad aggiungerne!!

MARC

LEADER 00000naa$a2200000$$$4500
001 0058405
005 20231116104400.2
041 0 |a cze 
044 |a CZ 
245 1 0 |a Dopad harmonizace sazeb DPH v ČR  |c Stanislav Klazar, Barbora Slintáková, Slavomíra Svátková, Martin Zelený 
520 |a Analýza dopadu zmien v sadzbách DPH, ku ktorým došlo v období pred vstupom ČR do EÚ, resp. k dátumu vstupu, na rozdelenie daňového bremena medzi české domácnosti. Postup kalkulácie daňového bremena domácností pred a po vstupe ČR do EÚ. Výsledky dopadu daňového bremena na domácnosti. 
610 2 0 |a Česko 
610 2 0 |a harmonizácia 
610 2 0 |a Európska únia 
610 2 0 |a dopad daňový 
610 2 0 |a domácnosti 
610 2 0 |a dane z hodnoty pridanej 
100 1 |a Klazar, Stanislav 
700 1 |a Slintáková, Barbora 
700 1 |a Svátková, Slavomíra 
700 1 |a Zelený, Martin